000 00492nam a2200181Ia 4500
003 GCL
008 140319s9999 xx 000 0 ara d
040 _aGCL /
_cGCL
082 0 4 _a814.008
_bب ض
100 1 _aبرجون، هنرى
245 1 0 _aالضحك: بحث فى دلالة المضحك /
_cبرجون، هنرى
300 _a136 ص
490 _aالالف كتاب
_v0
650 0 4 _aالمقالات
650 0 4 _aالضحك
650 0 4 _aالمجموعات
942 _2ddc
_cBK
999 _c40634
_d40634